000 00488nmm a2200157Ia 4500
008 251105s9999||||xx |||||||||||||||||und||
020 _a9786078831449
041 _aspa
100 _aCárdenas Gómez, Erika Patricia (coord.)
245 0 _aTurismo y cambio climático en México
264 _a[México D.C., Mexico] :
_bEl Colegio de Jalisco,
_c2023
300 _a282 páginas
490 _aTemas de Estudio
856 _uhttps://public.digitaliapublishing.com/a/172262
942 _cCF
999 _c75924
_d75924